Les 10 mangas les plus vendus au Japon en 2025 - Statistiques

Statistiques générales
  • Ce quiz a été pris 86 fois
  • Le résultat moyen est 3 sur 10
Statistiques - réponses
Nombre de tomes vendus Nom du manga % Correct
1 4 211 363 One Piece
99%
2 3 921 875 Jujutsu Kaisen
65%
9 2 097 599 My Hero Academia
64%
4 3 012 745 Blue Lock
32%
3 3 517 870 Dandadan
26%
7 2 344 740 Sakamoto Days
14%
5 2 497 085 Kingdom
13%
8 2 252 310 Les Carnets de l'apothicaire
13%
10 2 038 691 Bloom
7%
6 2 385 295 Blue Box
4%
Aucun quiz correspondant
Distribution des résultats
% des personnes avec chaque résultat
Percentile par nombre de réponses
Votre historique - résultats
Vous n’avez pas pris ce quiz